[Event "Wch Blitz (Women)"]
[Site "Samarkand"]
[Date "2023.12.30"]
[Round "11"]
[White "Abdulla, Khayala Mardan Qizi"]
[Black "Shohradova, Lala"]
[Result "1-0"]
[WhiteElo "2266"]
[BlackElo "2025"]
[PlyCount "75"]
[EventDate "2023.12.29"]
[EventType "swiss (blitz)"]
[EventRounds "17"]
[EventCountry "UZB"]
[SourceTitle "CB01_2024"]
[SourceDate "2024.01.03"]
[SourceVersion "1"]
[SourceVersionDate "2024.01.03"]
[SourceQuality "1"]

1. e4 e6 2. d4 d5 3. Nc3 dxe4 4. Nxe4 Be7 5. Nf3 Nf6 6. Nxf6+ Bxf6 7. Be3 c5 8. c3 cxd4 9. Bxd4 0-0 10. Bc5 Re8 11. Bd3 Qc7 12. Be3 b6 13. Qc2 g6 14. 0-0 Bb7 15. Be4 Nc6 16. Bh6 Rac8 17. Qe2 Ne7 18. Bxb7 Qxb7 19. Ne5 Rc5 20. Nd3 Rh5 21. Bf4 Nd5 22. Bg3 Rg5 23. Rfe1 h5 24. f3 Rf5 25. Qe4 b5 26. Rad1 Qa6 27. a3 Ne7 28. Bf2 Rd5 29. Nb4 Qb7 30. Nxd5 Nxd5 31. Rxd5 Kg7 32. Rd2 Qc7 33. Bd4 e5 34. Bf2 a5 35. Red1 b4 36. axb4 axb4 37. Rd7 Qb8 38. Qxb4 1-0

[Event "Wch Blitz (Women)"]
[Site "Samarkand"]
[Date "2023.12.30"]
[Round "12"]
[White "Shohradova, Lala"]
[Black "Yakubbaeva, Nilufar"]
[Result "0-1"]
[WhiteElo "2025"]
[BlackElo "2307"]
[PlyCount "70"]
[EventDate "2023.12.29"]
[EventType "swiss (blitz)"]
[EventRounds "17"]
[EventCountry "UZB"]
[SourceTitle "CB01_2024"]
[SourceDate "2024.01.03"]
[SourceVersion "1"]
[SourceVersionDate "2024.01.03"]
[SourceQuality "1"]

1. d4 Nf6 2. c4 e6 3. Nc3 Bb4 4. Nf3 b6 5. g3 Ba6 6. Qb3 Bxc3+ 7. bxc3 0-0 8. Bg2 d5 9. cxd5 exd5 10. Qc2 Nbd7 11. 0-0 Re8 12. Re1 c5 13. Bf4 Rc8 14. Qb2 Ne4 15. e3 g5 16. Nxg5 Nxg5 17. Bxd5 Ne6 18. Qa3 Bd3 19. Qxa7 Nxf4 20. exf4 Rb8 21. dxc5 bxc5 22. Red1 Bf5 23. Bc6 Re7 24. Rd5 Be6 25. Rg5+ Kh8 26. Rd1 f6 27. Rh5 Bg4 28. Rhd5 Bxd1 29. Rxd1 Qb6 30. Rxd7 Qxa7 31. Rxa7 Rxa7 32. a4 Rb3 33. Bb5 Rxc3 34. Kg2 Ra3 35. h4 R7xa4 0-1

[Event "Wch U18 Girls blitz"]
[Site "Batumi"]
[Date "2023.06.10"]
[Round "2"]
[White "Blokhin, Sofia"]
[Black "Shohradova, Lala"]
[Result "1-0"]
[WhiteElo "1994"]
[BlackElo "1924"]
[PlyCount "183"]
[EventDate "2023.06.10"]
[EventType "swiss (blitz)"]
[EventRounds "11"]
[EventCountry "GEO"]
[SourceTitle "EXT 2024"]
[Source "ChessBase"]
[SourceDate "2023.10.10"]
[SourceVersion "1"]
[SourceVersionDate "2023.10.10"]
[SourceQuality "1"]
[WhiteTeam "Estonia"]
[BlackTeam "Turkmenistan"]
[WhiteTeamCountry "EST"]
[BlackTeamCountry "TKM"]

1. d4 Nf6 2. c4 c5 3. d5 b5 4. cxb5 a6 5. bxa6 Bxa6 6. Nc3 d6 7. Nf3 g6 8. e4 Bxf1 9. Kxf1 Bg7 10. g3 0-0 11. Kg2 Nbd7 12. Re1 Qb6 13. a4 Ng4 14. Nb5 f5 15. exf5 Rxf5 16. Bf4 Nge5 17. Nh4 Rf7 18. Qc2 Qb7 19. Rad1 Nb6 20. Nc3 Raf8 21. Re2 e6 22. Qe4 exd5 23. Nxd5 Nxd5 24. Qxd5 Qa6 25. Rdd2 Qxa4 26. Re4 Qb5 27. Qxd6 Ng4 28. Ree2 c4 29. Qe6 Kh8 30. Qxg4 Qc6+ 31. Kg1 Ra8 32. Rd1 Qa4 33. Rde1 Qb5 34. Qe6 Rff8 35. Nf3 Qb7 36. Ng5 h6 37. Ne4 g5 38. Be5 Rae8 39. Qxh6+ Kg8 40. Qxg7+ Qxg7 41. Bxg7 Kxg7 42. Nxg5 Rxe2 43. Rxe2 Kg6 44. Nh3 Ra8 45. Nf4+ Kf7 46. Kg2 Ra2 47. Rc2 Ra4 48. h4 Kg7 49. h5 Kh6 50. Rc3 Kg5 51. b3 cxb3 52. Rxb3 Ra5 53. Rb6 Ra8 54. h6 Rh8 55. Rg6+ Kf5 56. Ra6 Kg5 57. Nh3+ Kh5 58. Ng1 Kg5 59. f4+ Kg4 60. Rg6+ Kh5 61. Rg5+ Kxh6 62. Nf3 Ra8 63. Rc5 Ra2+ 64. Kh3 Kg6 65. Ne5+ Kf5 66. Nd3+ Ke4 67. Nb4 Rb2 68. Nc6 Kf3 69. Rc3+ Ke4 70. Kg4 Rb1 71. Kg5 Kd5 72. Ne7+ Kd4 73. Rf3 Ke4 74. Rf2 Ke3 75. Ra2 Ke4 76. f5 Rb7 77. f6 Rb5+ 78. Kg6 Rb3 79. Rg2 Kf3 80. Ra2 Rb6 81. Kg7 Rb7 82. Kf7 Kxg3 83. Ke6 Rb6+ 84. Ke5 Rb5+ 85. Nd5 Rb7 86. Ra3+ Kg4 87. Ke6 Rb1 88. f7 Rb8 89. Ke7 Rb7+ 90. Kf6 Rb8 91. Kg7 Rb7 92. Kg8 1-0

[Event "Wch U18 Girls blitz"]
[Site "Batumi"]
[Date "2023.06.10"]
[Round "3"]
[White "Shohradova, Lala"]
[Black "Gasparyan, Milena"]
[Result "1-0"]
[WhiteElo "1924"]
[BlackElo "1690"]
[PlyCount "85"]
[EventDate "2023.06.10"]
[EventType "swiss (blitz)"]
[EventRounds "11"]
[EventCountry "GEO"]
[SourceTitle "EXT 2024"]
[Source "ChessBase"]
[SourceDate "2023.10.10"]
[SourceVersion "1"]
[SourceVersionDate "2023.10.10"]
[SourceQuality "1"]
[WhiteTeam "Turkmenistan"]
[BlackTeam "Armenia"]
[WhiteTeamCountry "TKM"]
[BlackTeamCountry "ARM"]

1. d4 Nf6 2. c4 e6 3. Nf3 b6 4. g3 Bb7 5. Bg2 Be7 6. 0-0 d5 7. cxd5 exd5 8. Nc3 0-0 9. Bf4 c6 10. Rc1 Nbd7 11. a3 Re8 12. h3 Nf8 13. g4 Ng6 14. Be5 Bd6 15. Bxd6 Qxd6 16. e3 Rac8 17. b4 a6 18. Qd3 Ne4 19. Nd2 Nxc3 20. Rxc3 Nh4 21. Bh1 Qh6 22. f4 Re7 23. Qe2 Rce8 24. Qf2 Ng6 25. Nf3 Qxh3 26. g5 Qg4+ 27. Bg2 Nxf4 28. exf4 Re2 29. Re1 Rxe1+ 30. Nxe1 c5 31. Re3 Rf8 32. bxc5 bxc5 33. dxc5 d4 34. Rg3 Qd7 35. Bxb7 Qxb7 36. Qxd4 Qb1 37. Re3 Qf5 38. c6 Qg4+ 39. Ng2 Qc8 40. Qd7 Qb8 41. c7 Qb1+ 42. Kh2 Qc2 43. Re8 1-0

[Event "Wch U18 Girls rapid"]
[Site "Batumi"]
[Date "2023.06.07"]
[Round "6"]
[White "Shohradova, Lala"]
[Black "Gasparyan, Milena"]
[Result "1-0"]
[WhiteElo "2033"]
[BlackElo "1762"]
[PlyCount "108"]
[EventDate "2023.06.06"]
[EventType "swiss (rapid)"]
[EventRounds "11"]
[EventCountry "GEO"]
[SourceTitle "CBM 214 Extra"]
[Source "ChessBase"]
[SourceDate "2023.07.31"]
[SourceVersion "1"]
[SourceVersionDate "2023.07.31"]
[SourceQuality "1"]

1. d4 Nf6 2. c4 b6 3. Nc3 Bb7 4. Nf3 e6 5. g3 Be7 6. Bg2 d5 7. cxd5 Nxd5 8. 0-0 Nxc3 9. bxc3 0-0 10. Qc2 g6 11. Ne5 Bxg2 12. Kxg2 Bf6 13. Rd1 Nd7 14. Nc6 Qe8 15. Qe4 Bg7 16. Ba3 f5 17. Qf3 Rf7 18. Rac1 Nf6 19. Ne5 Bh6 20. e3 Rg7 21. c4 Ne4 22. c5 Qa4 23. Rd3 Rd8 24. Rc4 Qb5 25. cxb6 cxb6 26. Rc2 Rb7 27. Rb3 Qa4 28. h4 Bg7 29. Nd3 Rbd7 30. Qe2 Qa5 31. Bb4 Qd5 32. Nf4 Qb7 33. f3 Nf6 34. Nxe6 Re8 35. Nxg7 Kxg7 36. Bc3 Nd5 37. Bb2 Rde7 38. Bc1 f4 39. e4 fxg3 40. Qd2 Nf6 41. Qh6+ Kg8 42. Bg5 Nxe4 43. Bxe7 Rxe7 44. Re2 Nf6 45. Rxe7 Qxe7 46. Qe3 Qd7 47. Qe5 Nd5 48. Kxg3 Ne7 49. Kf2 Nc6 50. Qe4 Ne7 51. Re3 Kf7 52. Qf4+ Kg8 53. Qe5 Kf7 54. Qh8 Qd6 1-0

[Event "Asian Continental Blitz op (Women) 19th"]
[Site "Delhi"]
[Date "2022.11.03"]
[Round "7"]
[White "Shohradova, Lala"]
[Black "Kiran, Manisha Mohanty"]
[Result "0-1"]
[WhiteElo "1856"]
[BlackElo "2030"]
[PlyCount "82"]
[EventDate "2022.11.03"]
[EventType "swiss (blitz)"]
[EventRounds "9"]
[EventCountry "IND"]
[SourceTitle "EXT 2024"]
[Source "ChessBase"]
[SourceDate "2023.10.10"]
[SourceVersion "1"]
[SourceVersionDate "2023.10.10"]
[SourceQuality "1"]

1. d4 Nf6 2. c4 g6 3. g3 Bg7 4. Bg2 d5 5. cxd5 Nxd5 6. Nc3 Nb6 7. e3 0-0 8. Nf3 Nc6 9. 0-0 a5 10. Qe2 a4 11. Bd2 Be6 12. Rfd1 Bc4 13. Qe1 Nb4 14. Rdc1 Nd3 15. Qd1 Nxc1 16. Rxc1 h6 17. Ne5 Bxe5 18. dxe5 c6 19. e4 Kh7 20. h4 Qd3 21. Bf1 Qxf1+ 22. Qxf1 Bxf1 23. Kxf1 Nc4 24. Bf4 Nxb2 25. Rb1 a3 26. Nd1 Nxd1 27. Rxd1 Rfd8 28. Rb1 b5 29. Rc1 Ra6 30. Ke2 Rd4 31. f3 e6 32. Be3 Rb4 33. Rd1 Rb2+ 34. Kf1 Rxa2 35. Rd7 Kg7 36. g4 Rb2 37. Bxh6+ Kxh6 38. Rxf7 g5 39. f4 gxf4 40. g5+ Kh5 41. Rh7+ Kg4 0-1

[Event "Asian Continental Blitz op (Women) 19th"]
[Site "Delhi"]
[Date "2022.11.03"]
[Round "4"]
[White "Srija, Seshadri"]
[Black "Shohradova, Lala"]
[Result "1-0"]
[WhiteElo "2187"]
[BlackElo "1856"]
[PlyCount "135"]
[EventDate "2022.11.03"]
[EventType "swiss (blitz)"]
[EventRounds "9"]
[EventCountry "IND"]
[SourceTitle "EXT 2024"]
[Source "ChessBase"]
[SourceDate "2023.10.10"]
[SourceVersion "1"]
[SourceVersionDate "2023.10.10"]
[SourceQuality "1"]

1. e4 e6 2. d4 d5 3. Nd2 Nf6 4. e5 Nfd7 5. Bd3 c5 6. c3 Nc6 7. Ne2 cxd4 8. cxd4 f6 9. exf6 Nxf6 10. Nf3 Bd6 11. 0-0 0-0 12. h3 Bd7 13. Be3 Qc7 14. Re1 e5 15. dxe5 Nxe5 16. Nxe5 Bxe5 17. Nd4 Rad8 18. Qd2 Ne4 19. Bxe4 dxe4 20. Rac1 Qb6 21. Nf3 Qe6 22. Nxe5 Qxe5 23. Bg5 e3 24. Qxe3 Qxe3 25. Rxe3 Rc8 26. Rce1 Rc2 27. R1e2 Rfc8 28. Re7 Rxe2 29. Rxe2 Rc5 30. Bf4 Kf7 31. Kh2 Be6 32. Be3 Re5 33. Rc2 Bxa2 34. Bxa7 Bd5 35. Bd4 Re7 36. Kg3 Bc6 37. b4 Rd7 38. Be3 Rd6 39. Kh2 Rg6 40. g4 h5 41. Kg3 hxg4 42. hxg4 Rf6 43. f4 Re6 44. Kf2 Rh6 45. Kg3 Re6 46. Bd4 Re1 47. Rb2 Rd1 48. Bc5 Rd3+ 49. Kh4 Rf3 50. f5 Rc3 51. Re2 Rc4 52. Re7+ Kg8 53. Re3 Bd7 54. Kg5 g6 55. Re7 gxf5 56. gxf5 Bxf5 57. Kxf5 b6 58. Bd6 Rc6 59. Ke6 Rc4 60. Rb7 Re4+ 61. Kd5 Re1 62. Rxb6 Rd1+ 63. Kc6 Rc1+ 64. Kd7 Rd1 65. Rb5 Kf7 66. Rf5+ Kg6 67. Rf3 Rd4 68. b5 1-0

[Event "World ol U16"]
[Site "Corum"]
[Date "2019.11.03"]
[Round "6.15"]
[White "Shohradova, Lala"]
[Black "Ding, Dao En"]
[Result "1-0"]
[WhiteElo "2024"]
[BlackElo "1731"]
[PlyCount "81"]
[EventDate "2019.10.29"]
[EventType "team-swiss"]
[EventRounds "9"]
[EventCountry "TUR"]
[SourceTitle "CBM 192 Extra"]
[Source "Chessbase"]
[SourceDate "2019.11.06"]
[SourceVersion "1"]
[SourceVersionDate "2019.11.06"]
[SourceQuality "1"]
[WhiteTeam "Turkmenistan"]
[BlackTeam "Malaysia II"]
[WhiteTeamCountry "TKM"]
[BlackTeamCountry "MAS"]

1. d4 d5 2. c4 dxc4 3. Nc3 a6 4. a4 Nc6 5. e3 Nf6 6. Bxc4 Bg4 7. f3 Bh5 8. Nge2 e6 9. e4 Na5 10. Ba2 Bb4 11. 0-0 c5 12. d5 Bxc3 13. Nxc3 exd5 14. Nxd5 Nxd5 15. Qxd5 Qxd5 16. Bxd5 Rc8 17. Be3 Ke7 18. Rac1 c4 19. Bb6 Nb3 20. Rc2 f6 21. a5 Nc5 22. Rxc4 Nd7 23. Rfc1 Nxb6 24. axb6 Rxc4 25. Rxc4 Rb8 26. Rc7+ Kf8 27. Kf2 Be8 28. Rxb7 Rxb7 29. Bxb7 Ke7 30. Bxa6 Kd6 31. Ke3 Bf7 32. Kd4 h5 33. f4 g5 34. fxg5 fxg5 35. Bc4 Bg6 36. Bd5 h4 37. e5+ Kd7 38. e6+ Kd6 39. e7 g4 40. b7 Kc7 41. Bc6 1-0

[Event "World ol U16"]
[Site "Corum"]
[Date "2019.10.30"]
[Round "3.17"]
[White "Shohradova, Lala"]
[Black "Vujovic, Savo"]
[Result "1/2-1/2"]
[WhiteElo "2024"]
[BlackElo "2040"]
[PlyCount "108"]
[EventDate "2019.10.29"]
[EventType "team-swiss"]
[EventRounds "9"]
[EventCountry "TUR"]
[SourceTitle "CBM 192 Extra"]
[Source "Chessbase"]
[SourceDate "2019.11.06"]
[SourceVersion "1"]
[SourceVersionDate "2019.11.06"]
[SourceQuality "1"]
[WhiteTeam "Turkmenistan"]
[BlackTeam "Montenegro"]
[WhiteTeamCountry "TKM"]
[BlackTeamCountry "MNE"]

1. d4 Nf6 2. c4 g6 3. Nc3 Bg7 4. e4 0-0 5. Nf3 d6 6. g3 e5 7. d5 Na6 8. Bg2 Nc5 9. Qe2 a5 10. 0-0 Nfd7 11. Nd2 f5 12. f3 h5 13. Rd1 Bh6 14. exf5 gxf5 15. f4 Qe8 16. Nb5 Na6 17. fxe5 Nxe5 18. Nf3 Bxc1 19. Raxc1 Ng4 20. Re1 Qxe2 21. Rxe2 Bd7 22. h3 Nf6 23. Nfd4 Rae8 24. Rce1 Kf7 25. Ne6 Rg8 26. Kh2 Bxb5 27. cxb5 Nc5 28. Nxc7 Rxe2 29. Rxe2 Nce4 30. Re3 b6 31. Bxe4 Nxe4 32. Ne6 Rc8 33. Nd4 Rc5 34. Nxf5 Rxd5 35. g4 hxg4 36. hxg4 Rd2+ 37. Kg1 d5 38. Rh3 Rxb2 39. a4 Kg6 40. Ne7+ Kg5 41. Nxd5 Kxg4 42. Re3 Ng3 43. Re8 Ra2 44. Rg8+ Kh3 45. Rh8+ Kg4 46. Nxb6 Ne2+ 47. Kf1 Nc3 48. Rg8+ Kf5 49. Ra8 Nxa4 50. Nxa4 Rxa4 51. b6 Rb4 52. Rxa5+ Ke6 53. Rh5 Kd7 54. Rh6 Kc8 1/2-1/2

[Event "Chigorin Memorial 27th"]
[Site "St Petersburg"]
[Date "2019.10.11"]
[Round "7"]
[White "Karmanova, Olga Dm"]
[Black "Shohradova, Lala"]
[Result "1-0"]
[WhiteElo "1768"]
[BlackElo "2024"]
[PlyCount "79"]
[EventDate "2019.10.05"]
[EventType "swiss"]
[EventRounds "9"]
[EventCountry "RUS"]
[SourceTitle "EXT 2021"]
[Source "ChessBase"]
[SourceDate "2020.10.23"]
[SourceVersion "1"]
[SourceVersionDate "2020.10.23"]
[SourceQuality "1"]

1. c4 Nf6 2. d4 c5 3. d5 b5 4. cxb5 a6 5. bxa6 Bxa6 6. Nc3 d6 7. e4 Bxf1 8. Kxf1 g6 9. g3 Bg7 10. Kg2 0-0 11. Nf3 Nbd7 12. a4 Qb6 13. Qe2 Qb4 14. Re1 Ng4 15. Nd2 Ngf6 16. Nc4 Nb6 17. Nxb6 Qxb6 18. Nb5 Ne8 19. Bg5 Qb7 20. Qd2 f5 21. exf5 Rxf5 22. Rxe7 Qxd5+ 23. Qxd5+ Rxd5 24. Bf4 g5 25. Bc1 Rd1 26. a5 Kf8 27. Rb7 d5 28. a6 d4 29. a7 Be5 30. Na3 d3 31. Nc4 Bc7 32. b3 h6 33. Nb2 Be5 34. Nxd1 Bxa1 35. Bb2 Bxb2 36. Nxb2 d2 37. Kf1 Rd8 38. Nd1 Ra8 39. Ke2 c4 40. bxc4 1-0